[Event "17th Asian Cities"]
[Site "Jakarta INA"]
[Date "2011.04.28"]
[Round "9.6"]
[White "Arvind, Shastry"]
[Black "Bajracharya, Rajendra"]
[Result "1/2-1/2"]
[WhiteElo "2297"]
[BlackElo "1989"]
[WhiteTeam "Bangalore"]
[BlackTeam "Kathmandu"]
[WhiteFideId "5008778"]
[BlackFideId "12300241"]
[EventDate "2011.04.22"]

1. d4 f5 2. Nc3 Nf6 3. Bg5 e6 4. e4 fxe4 5. Nxe4 Be7 6. Bxf6 Bxf6 7. Nf3 d6 8.
Bd3 Nc6 9. c3 Bd7 10. Qb3 b6 11. O-O Qe7 12. Rfe1 O-O 13. d5 Nd8 14. dxe6 Bxe6
15. Qc2 g6 16. Nd4 Be5 17. g3 d5 18. Nxe6 Nxe6 19. Nd2 Bd6 20. Bxg6 Qf6 21.
Bxh7+ Kh8 22. Re2 Bc5 23. Bf5 Qxf5 24. Qxf5 Rxf5 25. b4 Nf4 26. gxf4 Bd6 27. Kh1
Rxf4 28. Rg1 Raf8 29. f3 Rh4 30. Rg5 d4 31. cxd4 Bxb4 32. Rg4 Rh5 33. Kg2 Bxd2
34. Rxd2 Rhf5 35. Rd3 Rg8 36. Kg3 Rd5 37. Rc3 Rxd4 38. Rxg8+ Kxg8 39. Rxc7 Ra4
40. Rc2 Kf7 41. f4 Ra5 42. Kg4 Kf6 43. h4 Ra4 44. h5 b5 45. Rh2 Kg7 46. Kg5 b4
47. Rc2 Ra3 48. Rc7+ Kg8 49. Kg6 Ra6+ 50. Kg5 Rxa2 51. h6 b3 52. Rb7 Rg2+ 53.
Kf5 b2 54. Ke5 a5 55. f5 a4 56. f6 Rf2 57. f7+ Kh8 1/2-1/2

[Event "17th Asian Cities"]
[Site "Jakarta INA"]
[Date "2011.04.28"]
[Round "9.7"]
[White "Al-Ali, Hussein Ali Hussein"]
[Black "Lane, Gary W."]
[Result "0-1"]
[WhiteTitle "FM"]
[BlackTitle "IM"]
[WhiteElo "2377"]
[BlackElo "2366"]
[WhiteTeam "Baghdad"]
[BlackTeam "Sydney"]
[WhiteFideId "4800192"]
[BlackFideId "3203301"]
[EventDate "2011.04.22"]

1. Nf3 Nf6 2. g3 g6 3. Bg2 Bg7 4. O-O O-O 5. d4 d6 6. Nc3 Nc6 7. e4 e5 8. h3 Re8
9. Be3 Bd7 10. d5 Ne7 11. a4 c6 12. g4 h5 13. g5 Nh7 14. h4 cxd5 15. Nxd5 Nxd5
16. Qxd5 Bc6 17. Qc4 d5 18. exd5 Bxd5 19. Qe2 Qc8 20. Rfd1 Qc6 21. Nxe5 Rxe5 22.
Rxd5 Rxd5 23. c4 Rxg5 24. hxg5 Qc7 25. Rd1 Re8 26. Rd5 Nf8 27. b3 Ne6 28. Qd2
Re7 29. a5 a6 30. Qb4 Bf8 31. Qb6 Qb8 32. Qd6 Qxd6 33. Rxd6 Nxg5 34. Rb6 Ne4 35.
Bxe4 Rxe4 36. Rxb7 f5 37. Kf1 f4 38. Bd2 f3 39. Bc3 h4 40. Rd7 Ba3 41. c5 h3 0-1

[Event "17th Asian Cities"]
[Site "Jakarta INA"]
[Date "2011.04.28"]
[Round "9.7"]
[White "Reilly, Tim"]
[Black "Ahmad, AzizJawad Obada"]
[Result "1/2-1/2"]
[WhiteTitle "FM"]
[BlackTitle "IM"]
[WhiteElo "2271"]
[BlackElo "2348"]
[WhiteTeam "Sydney"]
[BlackTeam "Baghdad"]
[WhiteFideId "3200302"]
[BlackFideId "4800680"]
[EventDate "2011.04.22"]

1. d4 Nf6 2. c4 g6 3. Nc3 Bg7 4. e4 d6 5. f3 O-O 6. Be3 Nc6 7. Nge2 e5 8. d5 Ne7
9. Qd2 Ne8 10. O-O-O f5 11. Kb1 Nf6 12. h3 b6 13. g4 a6 14. Rg1 Rf7 15. exf5
gxf5 16. Bg5 Qf8 17. Nc1 fxg4 18. fxg4 Nd7 19. Bd3 Nc5 20. Bc2 Ng6 21. N1e2 Nf4
22. Nxf4 exf4 23. Rdf1 Be5 24. Rf3 h6 25. Bh4 b5 26. g5 bxc4 27. gxh6+ Kh8 28.
h7 Rxh7 29. Bxh7 Kxh7 30. Bg5 Bf5+ 31. Ka1 Nd3 32. Bxf4 Nxf4 33. Rxf4 Bxf4 34.
Qxf4 Bd3 35. Qh4+ Qh6 36. Qe7+ Kh8 37. a3 Rg8 38. Rxg8+ Kxg8 39. Qxc7 Qc1+ 40.
Ka2 Bc2 41. Qxd6 Kg7 42. Qe7+ Kg8 1/2-1/2

[Event "17th Asian Cities"]
[Site "Jakarta INA"]
[Date "2011.04.28"]
[Round "9.7"]
[White "Ahmed, Abdul Sattar abdulwhhab"]
[Black "Jones, Lee"]
[Result "0-1"]
[WhiteTitle "FM"]
[BlackTitle "FM"]
[WhiteElo "2322"]
[BlackElo "2109"]
[WhiteTeam "Baghdad"]
[BlackTeam "Sydney"]
[WhiteFideId "4801849"]
[BlackFideId "3203263"]
[EventDate "2011.04.22"]

1. e4 c6 2. d4 d5 3. exd5 cxd5 4. Bd3 Nc6 5. c3 g6 6. Nf3 Bg7 7. O-O Nh6 8. Re1
O-O 9. Bf4 Bf5 10. Bxh6 Bxh6 11. Bxf5 gxf5 12. Qd3 e6 13. Nbd2 Kh8 14. a4 Rg8
15. Kh1 Qf6 16. Nb3 Qg6 17. Rg1 Qh5 18. Nc5 Bf4 19. a5 Rg6 20. g3 Bc7 21. Nxb7
Rh6 22. Rg2 Rb8 23. a6 f4 24. g4 Qh3 25. Rd1 Rg8 26. Ng1 Qh4 27. f3 Ne7 28. Qe2
Rhg6 29. Qe1 Qh6 30. Nc5 Nf5 31. h3 Ne3 32. Rh2 Nxd1 33. Qxd1 Qh4 34. Ne2 Rh6
35. Nd3 f5 36. Nf2 fxg4 37. Nxg4 Rxg4 38. fxg4 f3 39. Qa4 Bxh2 40. Qe8+ Kg7 41.
Qd7+ Kf8 42. Qc8+ Kf7 43. Qb7+ Qe7 0-1

[Event "17th Asian Cities"]
[Site "Jakarta INA"]
[Date "2011.04.28"]
[Round "9.7"]
[White "Jones, Brian"]
[Black "Ismael, Namir Mohammed"]
[Result "1/2-1/2"]
[WhiteTitle "FM"]
[WhiteElo "2046"]
[BlackElo "2188"]
[WhiteTeam "Sydney"]
[BlackTeam "Baghdad"]
[WhiteFideId "3200663"]
[BlackFideId "4800800"]
[EventDate "2011.04.22"]

1. d4 d5 2. c4 e6 3. Nc3 c5 4. cxd5 cxd4 5. Qxd4 Nc6 6. Qd1 exd5 7. Qxd5 Bd7 8.
Nf3 Nf6 9. Qd1 Bc5 10. e3 Qe7 11. Be2 O-O 12. O-O Rfd8 13. a3 Bg4 14. Qa4 a6 15.
Qf4 h6 16. Qg3 Qe6 17. h3 Bd6 18. Qh4 Bh5 19. Bc4 Qe8 20. g4 Ne7 21. Ne4 Nxe4
22. gxh5 Nf6 23. e4 Qc6 24. e5 Qxf3 25. exf6 Nf5 26. Qg4 Qxg4+ 27. hxg4 Nd4 28.
Be3 Nc2 29. Rad1 Nxe3 30. fxe3 gxf6 31. Kg2 Be5 32. b4 Rac8 33. Rxd8+ Rxd8 34.
Kf3 b5 35. Be2 Bb2 36. a4 bxa4 37. Bxa6 Rb8 38. Bc4 Rxb4 39. Bd5 a3 40. Rf2 Rb5
41. Ba2 Be5 42. Ke4 Rb4+ 43. Kf5 Kg7 44. Rc2 Rb2 45. Rxb2 axb2 46. Ke4 Bc3 47.
Bb1 Bd2 48. Kd3 Bc1 49. e4 Kf8 50. Kc2 Ke7 51. Ba2 f5 52. exf5 f6 53. Kb1 Kd6
54. Bf7 Ke5 55. Bg6 Kf4 56. Kc2 Kxg4 57. Kb1 Kg5 58. Kc2 1/2-1/2

[Event "17th Asian Cities"]
[Site "Jakarta INA"]
[Date "2011.04.28"]
[Round "9.8"]
[White "AlHuwar, Jasem"]
[Black "Sukandar, Irine Kharisma"]
[Result "1/2-1/2"]
[WhiteTitle "FM"]
[BlackTitle "WGM"]
[WhiteElo "2334"]
[BlackElo "2354"]
[WhiteTeam "Abu Dhabi"]
[BlackTeam "Tarakan"]
[WhiteFideId "9300465"]
[BlackFideId "7101937"]
[EventDate "2011.04.22"]

1. Nf3 Nf6 2. g3 d5 3. Bg2 c6 4. O-O Bg4 5. c4 e6 6. d3 Nbd7 7. b3 Bc5 8. Bb2
O-O 9. Qc2 Qe7 10. Nbd2 e5 11. h3 Bxf3 12. Nxf3 Rfe8 13. e4 dxe4 14. dxe4 Qd8
15. Rad1 Qc7 16. Rfe1 Nf8 17. Bc3 a5 18. Qb2 Ng6 19. a3 Bb6 20. Kh2 h5 21. Re2
h4 22. Nxh4 Nxh4 23. gxh4 Nh5 24. b4 axb4 25. axb4 Qe7 26. c5 Bd8 27. Red2 Qxh4
28. Rd7 Qf4+ 29. Kg1 Bh4 30. Qd2 Ra3 31. Qxf4 Nxf4 32. Bd2 Nd3 33. Be3 Nxb4 34.
Rxb7 Nc2 35. Bc1 Ra1 36. Rf1 Re6 37. Rb2 Nd4 38. Be3 Ra5 39. f4 Rxc5 40. fxe5
Rc4 41. Bxd4 Rxd4 42. Rb8+ Bd8 43. Bf3 Rxe5 44. Rd1 Rxd1+ 45. Bxd1 Re8 46. Ba4
Rf8 47. Bxc6 Bc7 48. Rxf8+ Kxf8 49. Kg2 Ke7 50. Bd5 1/2-1/2

[Event "17th Asian Cities"]
[Site "Jakarta INA"]
[Date "2011.04.28"]
[Round "9.8"]
[White "Medina, Warda Aulia"]
[Black "Faisal, Abdulla"]
[Result "0-1"]
[WhiteTitle "WFM"]
[WhiteElo "2035"]
[BlackElo "2275"]
[WhiteTeam "Tarakan"]
[BlackTeam "Abu Dhabi"]
[WhiteFideId "7101570"]
[BlackFideId "9301232"]
[EventDate "2011.04.22"]

1. e4 c5 2. Nf3 e6 3. d4 cxd4 4. Nxd4 a6 5. Bd3 Qc7 6. O-O Nf6 7. a4 Nc6 8. Be3
d5 9. Nc3 Nxd4 10. e5 Nxc2 11. Bxc2 Qxe5 12. Bd4 Qh5 13. Qd2 Bd6 14. h3 e5 15.
Bb6 Be6 16. Ne4 Be7 17. Nxf6+ gxf6 18. f4 Rg8 19. Kh1 Rg3 20. Rf2 Rc8 21. Bd1
Qh4 22. a5 Rc4 23. Ra4 Bxh3 24. Kg1 Bd7 25. Rxc4 dxc4 26. Bf3 Bc6 27. Bxc6+ bxc6
28. Qc2 Qg4 29. Qxc4 Qd1+ 30. Kh2 Rg6 31. Qxc6+ Kf8 32. Rf3 exf4 33. Bc7 Rh6+
34. Rh3 Rxh3+ 35. gxh3 Qe2+ 36. Qg2 f3 37. Qxe2 fxe2 38. Bg3 Bb4 0-1

[Event "17th Asian Cities"]
[Site "Jakarta INA"]
[Date "2011.04.28"]
[Round "9.8"]
[White "Ibrahim, Ismail UAE"]
[Black "Sihite, Chelsie Monica"]
[Result "1-0"]
[BlackTitle "WFM"]
[WhiteElo "2158"]
[BlackElo "2039"]
[WhiteTeam "Abu Dhabi"]
[BlackTeam "Tarakan"]
[WhiteFideId "9301038"]
[BlackFideId "7101198"]
[EventDate "2011.04.22"]

1. e4 e5 2. Nf3 Nc6 3. Bc4 Bc5 4. b4 Bxb4 5. c3 Ba5 6. d4 exd4 7. Qb3 Qe7 8. O-O
Bb6 9. cxd4 Nxd4 10. Nxd4 Bxd4 11. Ba3 Qf6 12. e5 Bxe5 13. Nc3 Ne7 14. Ne4 Qg6
15. Bxe7 Bxa1 16. Re1 d5 17. Bxd5 Kxe7 18. Bxf7 Be6 19. Nd6 Kf8 20. Qxb7 1-0

[Event "17th Asian Cities"]
[Site "Jakarta INA"]
[Date "2011.04.28"]
[Round "9.8"]
[White "Lindiawati, Evi"]
[Black "Khouri, Ahmed Abbas"]
[Result "0-1"]
[WhiteTitle "WCM"]
[BlackTitle "FM"]
[WhiteElo "2106"]
[BlackElo "2013"]
[WhiteTeam "Tarakan"]
[BlackTeam "Abu Dhabi"]
[WhiteFideId "7101449"]
[BlackFideId "9301518"]
[EventDate "2011.04.22"]

1. e4 c5 2. Nf3 Nc6 3. d4 cxd4 4. Nxd4 Nf6 5. Nc3 d6 6. Bg5 e6 7. Qd2 a6 8.
O-O-O h6 9. Bh4 Nxe4 10. Nxc6 Qxh4 11. Nxe4 Qxe4 12. Nd4 Bd7 13. f3 Qd5 14. Kb1
Be7 15. c4 Qc5 16. Nb3 Qc7 17. Bd3 b5 18. Rc1 bxc4 19. Rxc4 Qb6 20. Rhc1 d5 21.
Rg4 Bf6 22. f4 a5 23. f5 exf5 24. Rg3 Be6 25. a4 Kf8 26. Bb5 Bg5 27. Qc3 Bxc1
28. Qxc1 Kg8 29. Rc3 Kh7 30. Rc6 Qf2 31. Rc2 Qh4 32. g3 Qg5 33. Qd1 Rhd8 34. Nd4
Rac8 35. Nc6 Rd6 36. Nxa5 Rxc2 37. Qxc2 Qe3 38. Nc6 Qe1+ 39. Qc1 Qxc1+ 40. Kxc1
Bd7 41. Nd4 Bxb5 42. Nxb5 Rb6 43. Kc2 Kg6 44. Kd3 Kf6 45. Kd4 Ke6 46. Kc5 Rb8
47. Nd4+ Kd7 48. b4 g6 49. a5 Kc7 50. b5 Ra8 51. a6 Rb8 52. Nc6 d4 53. Nxd4 g5
54. Nc6 f4 55. gxf4 gxf4 56. Ne5 f6 57. a7 0-1

[Event "17th Asian Cities"]
[Site "Jakarta INA"]
[Date "2011.04.28"]
[Round "9.9"]
[White "Tan, Khai Boon"]
[Black "Tsang, Hon Ki"]
[Result "1-0"]
[WhiteElo "2150"]
[BlackElo "2079"]
[WhiteTeam "Penang"]
[BlackTeam "Hongkong"]
[WhiteFideId "5701970"]
[BlackFideId "6000185"]
[EventDate "2011.04.22"]

1. d4 Nf6 2. c4 e5 3. dxe5 Ng4 4. Nf3 Bc5 5. e3 Nc6 6. Be2 Ngxe5 7. Nc3 Nxf3+ 8.
Bxf3 Ne5 9. Be2 d6 10. a3 a5 11. O-O h5 12. Bd2 Kf8 13. Ne4 Bb6 14. b4 Qh4 15.
c5 Ba7 16. f4 Ng4 17. h3 Bf5 18. Ng5 Qg3 19. Bxg4 hxg4 20. Qb3 d5 21. Be1 a4 22.
Qc3 Qxe1 23. Raxe1 f6 24. e4 Bd7 25. exd5 gxh3 26. gxh3 b6 27. c6 b5+ 28. Kg2
Bf5 29. Rf3 Rh5 30. Ne6+ Kf7 31. Nd4 Rah8 32. Nxf5 Rxf5 33. d6 Rd5 34. Re7+ Kf8
35. Rxc7 Bd4 36. Qd3 Rhh5 37. Qe4 1-0

[Event "17th Asian Cities"]
[Site "Jakarta INA"]
[Date "2011.04.28"]
[Round "9.9"]
[White "Tsao, Yui"]
[Black "Yeap, Eng Chiam"]
[Result "0-1"]
[WhiteElo "1775"]
[BlackElo "2140"]
[WhiteTeam "Hongkong"]
[BlackTeam "Penang"]
[WhiteFideId "6001114"]
[BlackFideId "5702682"]
[EventDate "2011.04.22"]

1. d4 f5 2. g4 fxg4 3. h3 d6 4. Qd3 Nf6 5. hxg4 Bxg4 6. Bh3 Qd7 7. f3 Bxh3 8.
Nxh3 Nc6 9. Ng5 e5 10. Rxh7 e4 11. Qe3 Nxh7 12. Qxe4+ Ne7 13. Nxh7 O-O-O 14. Ng5
Rh1+ 15. Kd2 d5 16. Qe6 Nf5 17. Qxd7+ Rxd7 18. Ne6 Bd6 19. Nc3 Re7 20. e4 Rxe6
21. exf5 Ree1 22. Ne2 Ref1 23. f4 Rh2 24. Kd3 Rd1+ 25. Ke3 Re1 0-1

[Event "17th Asian Cities"]
[Site "Jakarta INA"]
[Date "2011.04.28"]
[Round "9.10"]
[White "Verdiana, Norasya"]
[Black "Bae, Jisoo"]
[Result "1-0"]
[WhiteElo "1915"]
[BlackElo "1481"]
[WhiteTeam "Pekanbaru"]
[BlackTeam "Seoul"]
[WhiteFideId "7102402"]
[BlackFideId "13200828"]
[EventDate "2011.04.22"]

1. e4 Nf6 2. e5 Nd5 3. d4 d6 4. exd6 cxd6 5. Nf3 g6 6. c4 Nb6 7. Bd3 Bg7 8. Be3
O-O 9. O-O Nc6 10. h3 e5 11. Be2 Re8 12. Nc3 f5 13. Bg5 Bf6 14. Bxf6 Qxf6 15. c5
exd4 16. Nb5 dxc5 17. Nc7 Be6 18. Nxa8 Nxa8 19. Qc1 Qf8 20. Ng5 Nc7 21. Nxe6
Nxe6 22. Bc4 Kg7 23. Re1 Nc7 24. Qf4 Rxe1+ 25. Rxe1 Qd8 26. a4 a6 27. g4 b5 28.
axb5 axb5 29. Be6 Qe7 30. gxf5 gxf5 31. Qxf5 Nd8 32. Qg4+ Kh6 33. Re5 Qe8 34.
Qg5# 1-0

[Event "17th Asian Cities"]
[Site "Jakarta INA"]
[Date "2011.04.28"]
[Round "9.11"]
[White "Saleh, Nagueb"]
[Black "Jayamurthey, Pavitranayagi"]
[Result "1-0"]
[WhiteElo "2194"]
[BlackElo "1676"]
[WhiteTeam "Dubai"]
[BlackTeam "Putrajaya"]
[WhiteFideId "9300058"]
[BlackFideId "5708885"]
[EventDate "2011.04.22"]

1. Nf3 Nf6 2. c4 c6 3. d4 d5 4. e3 e6 5. Bd3 Nbd7 6. O-O Bd6 7. Nbd2 O-O 8. e4
dxc4 9. Nxc4 Bc7 10. Bg5 h6 11. Bh4 Qe8 12. Rc1 a6 13. Bb1 e5 14. Bg3 Qe7 15.
dxe5 Nh5 16. e6 Nxg3 17. exd7 Nxf1 18. dxc8=Q Raxc8 19. Qxf1 Rcd8 20. g3 Rd7 21.
Qe2 Rfd8 22. e5 Qe6 23. Re1 b5 24. Ne3 g6 25. Ng2 Qe7 26. h4 Ba5 27. Rf1 Bc7 28.
h5 g5 29. Qc2 Qe6 30. Qh7+ Kf8 31. Bf5 Qd5 32. Qxh6+ Ke8 33. Qh8+ Ke7 34. Qf6+
Ke8 35. h6 1-0

[Event "17th Asian Cities"]
[Site "Jakarta INA"]
[Date "2011.04.28"]
[Round "9.12"]
[White "Pg, L Wijaya Pg Hj Mohd Limbang"]
[Black "Iskandar, Bin Abdullah"]
[Result "0-1"]
[WhiteElo "2301"]
[BlackElo "1876"]
[WhiteTeam "Bandar Seri Begawan"]
[BlackTeam "Singapore"]
[WhiteFideId "10500480"]
[BlackFideId "5802105"]
[EventDate "2011.04.22"]

1. e4 e6 2. d4 d5 3. Bd3 Nf6 4. Bg5 h6 5. Bxf6 Qxf6 6. e5 Qd8 7. Ne2 c5 8. c3
Nc6 9. O-O Qb6 10. Qd2 Bd7 11. Kh1 cxd4 12. cxd4 Nxd4 13. Nbc3 Be7 14. h3 Nxe2
15. Qxe2 Rc8 16. f4 g6 17. g4 h5 18. f5 hxg4 19. fxg6 Rxh3+ 20. Kg2 Bh4 21. Rxf7
Rxd3 22. Raf1 Rf3 23. R1xf3 gxf3+ 24. Rxf3 Qd4 25. Kh3 Bg5 26. Qf2 Qxf2 27. Rxf2
Be3 28. Re2 Bd4 29. Kg4 Kf8 30. Kg5 Kg8 31. Kf6 Rf8+ 32. Ke7 Bc8 33. Nb5 Bb6 34.
Nd6 Bd8# 0-1